|
|
|
|
| LEADER |
00000cam a2200000 a 4500 |
| 001 |
vtls001118850 |
| 003 |
SK-MaSNL |
| 005 |
20260311145440.0 |
| 008 |
240226s1983 xo frnp 000 0 slo |
| 015 |
|
|
|a SNBA1983
|
| 020 |
|
|
|q (brožované)
|
| 035 |
|
|
|a SNK000061693
|
| 035 |
|
|
|a C10E6E0F-27EE-4395-BF42-61C780F0D9FC
|
| 035 |
|
|
|a urn:nbn:sk:snk-am00iewu
|
| 040 |
|
|
|a SNK
|b slo
|c SNK
|e AACR2
|
| 041 |
1 |
|
|a slo
|h cze
|
| 043 |
|
|
|a e-xr---
|
| 044 |
|
|
|a xo
|c SK
|
| 072 |
|
7 |
|a 930.85
|x Dejiny civilizácie. Kultúrne dejiny
|2 konspekt
|
| 072 |
|
7 |
|a 37.016
|x Učebné osnovy. Vyučovacie predmety. Učebnice
|2 konspekt
|
| 080 |
|
|
|a 316.7
|2 2011
|
| 080 |
|
|
|a 930.85
|2 2011
|
| 080 |
|
|
|a 37.091.33
|2 2011
|
| 080 |
|
|
|a 338.486.2-055.1
|2 2011
|
| 080 |
|
|
|a (437)
|2 2011
|
| 080 |
|
|
|a (048.8)
|2 2011
|
| 080 |
|
|
|a (075)
|2 2011
|
| 245 |
0 |
0 |
|a Dejiny kultúry
|b učebný text pre kvalifikačné kurzy sprievodcov cestovného ruchu
|c Jozef Polišenský a kolektív ; [z českého originálu preložila: Elena Zlacká]
|
| 250 |
|
|
|a 2. vyd.
|
| 260 |
|
|
|a Bratislava
|b Erpo
|c 1983
|
| 300 |
|
|
|a 86 strán
|c 21 cm
|
| 366 |
|
|
|e 2000 kusov
|
| 490 |
1 |
|
|a Vzdelávanie a výchova v odvetví obchodu Slovenskej socialistickej republiky
|
| 500 |
|
|
|a Vydal Inštitút obchodu, Nitra a Institut obchodní výchovy
|
| 500 |
|
|
|a Preložené z češtiny
|
| 504 |
|
|
|a Bibliografia na konci kapitol
|
| 521 |
|
|
|a Účelová publikácia pre vnútornú potrebu IO a obchodných organizácií v odvetví vnútorného obchodu SSR
|
| 650 |
0 |
7 |
|a kultúra
|2 SNKPH
|9 886
|
| 650 |
0 |
7 |
|a kultúrne dejiny
|2 SNKPH
|9 4307
|
| 650 |
0 |
7 |
|a kvalifikačné kurzy
|2 SNKPH
|9 494013
|
| 650 |
0 |
7 |
|a kurzy
|2 SNKPH
|9 29103
|
| 650 |
0 |
7 |
|a turistickí sprievodcovia (osoby)
|2 SNKPH
|9 75168
|
| 651 |
|
7 |
|a Československo
|2 SNKPHgeo
|9 21376
|
| 655 |
|
7 |
|a prehľady
|2 SNKPH
|9 70194
|
| 655 |
|
7 |
|a učebné texty
|2 SNKPH
|9 70568
|
| 700 |
1 |
|
|a Polišenský, Josef,
|d 1915-2001
|4 aut
|9 114607
|
| 700 |
1 |
|
|a Zlacká, Elena
|4 trl
|9 377453
|
| 710 |
2 |
|
|a Inštitút obchodu (Nitra, Slovensko)
|4 pbl
|9 158632
|
| 710 |
2 |
|
|a Institut obchodní výchovy
|4 pbl
|9 722478
|
| 830 |
|
0 |
|a Vzdelávanie a výchova v odvetví obchodu Slovenskej socialistickej republiky
|9 722479
|
| 852 |
|
|
|a Slovenská národná knižnica
|
| 954 |
|
|
|a odborná, vedecká literatúra cudzojazyčná (svetová)
|2 lita
|
| 958 |
|
|
|a RK
|
| 958 |
|
|
|a TL
|
| 958 |
|
|
|a CZ
|
| 958 |
|
|
|a NB
|
| 958 |
|
|
|a OND
|
| 958 |
|
|
|a OP
|
| 958 |
|
|
|a UC
|
| 958 |
|
|
|a SP
|
| 958 |
|
|
|a EUIPO
|
| 999 |
|
|
|c 1129331
|d 1131261
|
| 952 |
|
|
|a SNK
|b SNK
|y PREZ
|7 0
|p 17A0914637
|o snkSC 60983
|i snkKSP 4492/84
|0 0
|1 0
|4 0
|d 2012-08-06
|f 1
|l 0
|r 2025-06-11 00:00:00
|w 2026-02-24
|
| 952 |
|
|
|t P60, <04>, [BOOK], {604}
|a SNK
|b SNK
|y VYP
|7 0
|p 17A0109012
|o snkSC 60983 D1
|0 0
|1 0
|4 0
|d 1997-11-14
|l 0
|r 2004-12-31 00:00:00
|w 2026-02-24
|